| 000 | 00359nam a22001577a 4500 | ||
|---|---|---|---|
| 003 | OSt | ||
| 008 | 231017b |||||||| |||| 00| 0 eng d | ||
| 020 | _a9789389941913 | ||
| 082 | _a615 AGP | ||
| 100 | _aAGARWAL,GAURAV | ||
| 245 | _aPHARMACY PRACTICE | ||
| 260 |
_aN.DELHI _bCBS PUB. |
||
| 300 | _aXII,176 | ||
| 650 | _aPHARMACY PRACTICE | ||
| 942 |
_2ddc _cBK |
||
| 999 |
_c12114 _d12114 |
||